000 00438nam a2200181Ia 4500
001 11132
005 20260306161923.0
008 260306t2004||||xx |||||||||||||| ||spa||
041 _aESP
082 _a985.009
_bQ73
100 _aQuiroz Paz Soldán, Eusebio
_eAUT
245 0 _aJorge Basadre:
_bmaestro y amigo
260 _c2004
300 _a167 páginas :
_c21 cm.
650 _aGEN
654 _aCHU
942 _cLIB
_dJUS
_fJUS
_2ddc
_n
999 _c11132
_d11132